00525nam a2200157Ia 4500008004100000040001800041041000800059100003200067245011700099260004200216300001800258650002300276650002300299650001900322700002600341130821s1931 sp gr spa  aCo-BoUCMbspa00aspa1 aGoethe, Johann Wolfgang von14aLos años de aprendizaje de Guillermo Meister novelacJohann Wolfgang von Goethe ; traducción R. M. Tenreiro aMadrid (España)bEspasa Calpec1931 a344 páginas aLiteratura alemana aLiteratura europea aNovela alemana1 aTenreiro, R.M.etrad.